[Event "Chigorin Memorial"]
[Site "St Petersburg RUS"]
[Date "2012.11.01"]
[Round "6.91"]
[White "Nikolova,A"]
[Black "Gantsevich,A"]
[Result "1/2-1/2"]
[WhiteElo "2290"]
[BlackElo "2046"]

1.e4 c5 2.c3 Nf6 3.e5 Nd5 4.d4 cxd4 5.Nf3 Nc6 6.cxd4 d6 7.a3 dxe5 8.dxe5 Bg4
9.Be2 e6 10.O-O Be7 11.Re1 O-O 12.h3 Bh5 13.b4 a6 14.g3 Qb6 15.g4 Bg6 16.Bd3 Rad8
17.Bxg6 fxg6 18.Qe2 Rxf3 19.Qxf3 Rf8 20.Qg3 Nd4 21.Nd2 Nf4 22.Kh2 Nfe2 23.Qg2 Bh4
24.Rxe2 Nxe2 25.Nf3 Bxf2 26.Bd2 Nd4 27.Ng5 Nb3 28.Ra2 Nxd2 29.Rxd2 Be3 30.Rd6 Qb5
31.Nf3 Rxf3 32.Rd8+ Rf8 33.Rxf8+ Kxf8 34.Qf3+ Ke7 35.Qxe3 Qd5 36.Kg3 h6 37.h4 Kd7
38.Qc3 Qd1 39.Qc5 h5 40.gxh5 gxh5 41.Kf2 Qd2+ 42.Kg3 g5 43.hxg5 Qxg5+ 44.Kh3 Qg4+
45.Kh2 Qf4+ 46.Kg2 Qe4+ 47.Kh2 Qd3 48.Qf2 Qf5 49.Qc5 Qf4+ 50.Kh3 Qf3+ 51.Kh2 Qf4+
52.Kh3 Qd2 53.Kg3 Qd5 54.Qc3 b5 55.Qe3 Kc6 56.Kh4 Qc4+ 57.Kxh5 Kd5 58.Kg5 Qd4
59.Qf3+ Kxe5 60.Qf6+ Kd5 61.Qd8+ Ke4 62.Qc8 Qe5+ 63.Kg4 Qf4+ 64.Kh5 Qe5+
65.Kg4 Qf5+ 66.Kh4 Qd5 67.Kg4 e5 68.Qxa6 Qg8+ 69.Kh3 Qh7+ 70.Kg3 Qg7+ 71.Kf2 Qf7+
72.Kg3 Qf4+ 73.Kg2 Qf3+ 74.Kh2 Qe2+ 75.Kg3 Qd3+ 76.Kg4 Ke3 77.a4 Qd7+ 78.Kg3 bxa4
79.b5  1/2-1/2

[Event "16th OIBM 2012"]
[Site "Bad Wiessee GER"]
[Date "2012.11.02"]
[Round "7.28"]
[White "Pirrot,D"]
[Black "Juergens,Kl"]
[Result "1-0"]
[WhiteElo "2380"]
[BlackElo "2165"]

1.e4 c5 2.c3 Nf6 3.e5 Nd5 4.Nf3 Nc6 5.Bc4 Nb6 6.Bb3 c4 7.Bc2 Qc7 8.Qe2 g5
9.Na3 Bg7 10.Nxc4 g4 11.Nd6+ Kf8 12.Nxf7 Kxf7 13.Ng5+ Ke8 14.d4 d6 15.e6 Bxd4
16.Qxg4 h5 17.Qe4 Rh6 18.O-O Bg7 19.f4 Nd8 20.f5 Qc5+ 21.Be3 Qd5 22.Qh4 Bf6
23.Qg3 Kf8 24.Ne4 Rh8 25.Nxf6 exf6 26.Qg6 Rg8 27.Bh6+  1-0

[Event "TCh-NOR Eliteserien 2012-13"]
[Site "Haraldsheim NOR"]
[Date "2012.11.02"]
[Round "1"]
[White "Gamback,B"]
[Black "Kveinys,A"]
[Result "0-1"]
[WhiteElo "2163"]
[BlackElo "2526"]

1.e4 c5 2.c3 Nf6 3.e5 Nd5 4.d4 cxd4 5.Nf3 e6 6.cxd4 d6 7.Bc4 Nc6 8.O-O Be7
9.a3 O-O 10.Bd3 Qb6 11.Nc3 Nxc3 12.bxc3 dxe5 13.dxe5 Rd8 14.Qe2 Qa5 15.Bd2 Bd7
16.Rfe1 Be8 17.Qe4 g6 18.c4 Qc7 19.Bg5 Nxe5 20.Bxe7 Nxf3+ 21.Qxf3 Qxe7 22.Be4 Rab8
23.Rab1 b6 24.Rb3 Rbc8 25.Rc3 Rc5 26.g3 Rdc8 27.h4 Bc6 28.Bxc6 R8xc6 29.a4 Qc7
30.Qf6 Rf5 31.Qd4 Rd6 32.Qg4 Qd7 33.c5 bxc5 34.Rb3 Rd4 35.Rb8+ Kg7 36.Re4 Rd1+
37.Kg2 Rd2 38.Rf4 Qd5+ 39.Qf3 Rxf4 40.gxf4 Qxf3+ 41.Kxf3 Rd3+ 42.Kg4 h5+
43.Kg5 f6+  0-1

[Event "Chigorin Memorial"]
[Site "St Petersburg RUS"]
[Date "2012.11.02"]
[Round "7.119"]
[White "Nunez Lucero,F"]
[Black "Lauda,A"]
[Result "1-0"]
[WhiteElo "2186"]
[BlackElo "1991"]

1.e4 c5 2.c3 Nf6 3.e5 Nd5 4.d4 cxd4 5.Nf3 Nc6 6.Bc4 Nb6 7.Bb3 d5 8.exd6 Qxd6
9.O-O d3 10.Na3 e5 11.Ng5 Nd8 12.Qf3 f6 13.Ne4 Qc6 14.Qxd3 Bxa3 15.bxa3 Nf7
16.a4 Be6 17.Ba3 Rd8 18.Qe3 Nc4 19.Bxc4 Bxc4 20.Rfe1 Qxa4 21.Qc5 Kd7 22.Rab1 b6
23.Qe7+ Kc8 24.Nc5 Qc6 25.Qxa7 b5 26.Na6 Rd3 27.Nb4 Qb7 28.Qc5+ Qc7 29.Nxd3 Bxd3
30.Rb2 Qxc5 31.Bxc5 Kc7 32.Rd1 e4 33.f3 f5 34.Bd4 Rg8 35.Kf2 g5 36.Rxd3 exd3
37.Rxb5 Re8 38.Rb2 f4 39.g3 Nd6 40.Rd2 Nc4 41.Rxd3 Ra8 42.Kg2 Rxa2+ 43.Kh3 h5
44.Bf6 g4+ 45.fxg4 fxg3 46.hxg3 Rf2 47.Bd4 hxg4+ 48.Kxg4 Rf8 49.Kh5 Rf5+
50.Kg6 Rf1 51.g4 Kd6 52.g5 Ke6 53.Bf6 Ra1 54.Rd4 Nd6 55.Rd2 Rc1 56.Re2+ Kd7
57.Re7+ Kc6 58.Be5 Nc4 59.Kg7 Kd5 60.Bd4 Nd6 61.Re5+ Kc6 62.g6 Rf1 63.Rg5 Kd7
64.Rg1 Rf3 65.Kh7 Rh3+ 66.Kg8 Nf5 67.Rf1 Ne7+ 68.Kf7 Rg3 69.g7 Rg4 70.Bf6  1-0

[Event "Chigorin Memorial"]
[Site "St Petersburg RUS"]
[Date "2012.11.02"]
[Round "7.99"]
[White "Sladkov,Andrey"]
[Black "Kuratov,Vasily"]
[Result "0-1"]
[WhiteElo "1876"]
[BlackElo "2225"]

1.e4 c5 2.c3 Nf6 3.e5 Nd5 4.d4 cxd4 5.Nf3 e6 6.cxd4 b6 7.Bd2 Be7 8.Be2 O-O
9.O-O Bb7 10.Nc3 Nxc3 11.Bxc3 d6 12.exd6 Bxd6 13.Ne5 Nd7 14.f4 g6 15.Bf3 Bxf3
16.Qxf3 Nf6 17.Ng4 Nd5 18.g3 Rc8 19.Rac1 b5 20.Bd2 Qb6 21.Be3 Rc4 22.b3 Rxc1
23.Rxc1 Qa6 24.Qe2 h5 25.Ne5 Bxe5 26.dxe5 Nxe3 27.Qxe3 Qxa2 28.Qd3 Qa5 29.Rd1 Rc8
30.Qd4 b4 31.Kg2 Qb5 32.Rd2 a5 33.Kh3 Qf1+ 34.Kh4 Qf3 35.h3 Qxb3 36.Rd3 Qc4
37.Qd6 b3 38.Rd4 Qc5 39.Qd7 b2  0-1

[Event "Chigorin Memorial"]
[Site "St Petersburg RUS"]
[Date "2012.11.02"]
[Round "7.125"]
[White "Lutovinov,Alexander"]
[Black "Kiseleva,A"]
[Result "1-0"]
[WhiteElo "2145"]
[BlackElo "1939"]

1.e4 c5 2.c3 Nf6 3.e5 Nd5 4.d4 cxd4 5.Qxd4 e6 6.Nf3 Nc6 7.Qe4 d6 8.Bd3 dxe5
9.Nxe5 Nxe5 10.Qxe5 Qf6 11.Bb5+ Bd7 12.Bxd7+ Kxd7 13.Qe2 Rc8 14.O-O Kc7 15.Nd2 Kb8
16.Ne4 Qg6 17.c4 Nb6 18.Bf4+ Ka8 19.b3 e5 20.Bd2 f5 21.Nc3 e4 22.a4 Nd7 23.a5 Ne5
24.Kh1 Qg4 25.Qxg4 Nxg4 26.a6 b6 27.f3 exf3 28.gxf3 Nf6 29.Bg5 Ng8 30.Bf4 Be7
31.Nb5 g5 32.Be5 Bf6 33.Rfe1 h5 34.Rad1 Rh7 35.Rd6 Re7 36.Bg3 f4 37.Bf2 g4
38.Rxe7 Bxe7 39.Rd7 Bd8 40.Bd4 gxf3 41.Rxa7+ Kb8 42.Be5+  1-0

[Event "16th OIBM 2012"]
[Site "Bad Wiessee GER"]
[Date "2012.11.03"]
[Round "8.20"]
[White "Namyslo,H"]
[Black "Mainka,R"]
[Result "0-1"]
[WhiteElo "2233"]
[BlackElo "2441"]

1.e4 c5 2.c3 Nf6 3.e5 Nd5 4.d4 cxd4 5.Nf3 d6 6.Bc4 dxe5 7.Nxe5 e6 8.cxd4 Nc6
9.O-O Be7 10.Nc3 Nxc3 11.bxc3 Nxe5 12.dxe5 Qxd1 13.Rxd1 Bd7 14.Be3 Rc8 15.Be2 Bc5
16.Bd4 Ke7 17.Rab1 b6 18.Rd2 Rhd8 19.f4 Ba4 20.Kf2 Ba3 21.g4 Rd7 22.Bd3 Bc5
23.Ke3 Bxd4+ 24.cxd4 Rc3 25.f5 Rd5 26.Rdb2 f6 27.exf6+ Kxf6 28.fxe6 Kxe6
29.Rb4 Bc2 30.Kd2 Rxd3+ 31.Kxc2 R3xd4 32.Rxd4 Rxd4 33.h3 Rc4+ 34.Kd3 Ra4
35.Rb2 Ra3+ 36.Ke4 Rxh3 37.Kf4 Ra3 38.Rc2 Ra4+ 39.Kg5 h6+ 40.Kh5 Ra5+ 41.Kh4 Rc5
42.Re2+ Kd6 43.Re4 b5 44.Rd4+ Rd5 45.Re4 a5 46.Re8 b4 47.Ra8 Kc6 48.Rg8 Rg5
49.Rb8 Kc5 50.Rb7 Kc4 51.Rc7+ Kb5  0-1

[Event "Chigorin Memorial"]
[Site "St Petersburg RUS"]
[Date "2012.11.03"]
[Round "8.116"]
[White "Westerberg,C"]
[Black "Vorobjev,D"]
[Result "0-1"]
[WhiteElo "2007"]
[BlackElo "2256"]

1.e4 c5 2.c3 Nf6 3.e5 Nd5 4.d4 cxd4 5.Nf3 e6 6.cxd4 d6 7.Bc4 Nc6 8.O-O Be7
9.Re1 O-O 10.Nc3 dxe5 11.dxe5 Nxc3 12.bxc3 Qa5 13.Qe2 Qxc3 14.Bd2 Qa3 15.Qe4 Qa4
16.Rab1 Rd8 17.Bg5 h6 18.Bxe7 Nxe7 19.Qh4 Nc6 20.Re4 b6 21.Bb3 Qa5 22.Rg4 Kf8
23.Rxg7 Kxg7 24.Qf6+ Kf8 25.Qxh6+ Ke8 26.Qh8+ Kd7 27.Qf6 Qc5 28.Qxf7+ Qe7
29.Qf4 Kc7 30.Rc1 Bd7 31.Nd4 Rac8 32.Nb5+ Kb8 33.Nd6 Rf8 34.Qd2 Nxe5 35.Nxc8 Bxc8
36.Qe3 Qg7 37.f4 Ng4 38.Qd3 Qe7 39.h3 Nf6 40.Qe3 Qd6 41.Rd1 Nd5 42.Bxd5 exd5  0-1

[Event "16th OIBM 2012"]
[Site "Bad Wiessee GER"]
[Date "2012.11.04"]
[Round "9.10"]
[White "Pirrot,D"]
[Black "Nikolov,Mo"]
[Result "1/2-1/2"]
[WhiteElo "2380"]
[BlackElo "2542"]

1.e4 c5 2.c3 Nf6 3.e5 Nd5 4.Nf3 e6 5.d4 cxd4 6.cxd4 d6 7.Bc4 Nb6 8.Bb3 dxe5
9.Nxe5 Nc6 10.Nf3 Be7 11.Nc3 Bf6 12.Be3 Na5 13.Bc2 Nac4 14.Bc1 Bd7 15.O-O Bc6
16.a4 Nd6 17.a5 Nd5 18.Nxd5 Bxd5 19.Ba4+ Kf8 20.Ne5 h6 21.Bb3 Nf5 22.Be3 g6
23.Rc1 Kg7 24.Bxd5 Qxd5 25.Rc5 Qd6 26.Ng4 b6 27.Rb5 Nxd4 28.Qd2 Nf5 29.Nxf6  1/2-1/2

[Event "Chigorin Memorial"]
[Site "St Petersburg RUS"]
[Date "2012.11.04"]
[Round "9.123"]
[White "Atabayew,S"]
[Black "Kiseleva,A"]
[Result "1-0"]
[WhiteElo "2118"]
[BlackElo "1939"]

1.e4 c5 2.c3 Nf6 3.e5 Nd5 4.d4 cxd4 5.cxd4 d6 6.Nf3 Nc6 7.a3 e6 8.Bd3 g6
9.O-O Bg7 10.Bg5 Qb6 11.Nbd2 dxe5 12.Nc4 Qc7 13.dxe5 O-O 14.Rc1 Qd7 15.Qb3 a6
16.Be4 b5 17.Nb6 Na5 18.Qb4 Nxb6 19.Bxa8 Nxa8 20.Qxa5 Qa7 21.Rfd1 Qb6 22.Qxb6 Nxb6
23.Bd8 Nc4 24.b3 Nxe5 25.Nxe5 Bxe5 26.Rxc8  1-0

[Event "Subzonal 2.3 2012"]
[Site "Pamplona COL"]
[Date "2012.11.06"]
[Round "4.1"]
[White "Zapata,Alo"]
[Black "Martinez Romero,M"]
[Result "1-0"]
[WhiteElo "2470"]
[BlackElo "2390"]

1.e4 c5 2.c3 Nf6 3.e5 Nd5 4.Nf3 Nc6 5.d4 cxd4 6.cxd4 d6 7.Bc4 Nb6 8.Bb5 Bd7
9.Nc3 dxe5 10.dxe5 g6 11.O-O Bg7 12.Bf4 O-O 13.Re1 a6 14.Bf1 Bg4 15.h3 Qxd1
16.Raxd1 Bxf3 17.gxf3 e6 18.Kg2 Rad8 19.Be3 Nc8 20.f4 Rxd1 21.Rxd1 Rd8 22.Rxd8+ Nxd8
23.Ne4 Ne7 24.Bc4 Ndc6 25.Kf1 Nf5 26.Nc5 Nxe3+ 27.fxe3 Na5 28.Bd3 Bf8 29.Nd7 Be7
30.Ke2 Kg7 31.Be4 Kh6 32.Bf3 Bd8 33.b4 Nc6 34.Bxc6 bxc6 35.Nb8 Kh5 36.Nxc6 Bb6
37.Nb8 Kh4 38.a4 Kxh3 39.a5 Ba7 40.Nc6  1-0

[Event "WY BU14 2012"]
[Site "Maribor SLO"]
[Date "2012.11.08"]
[Round "1.3"]
[White "Ali Marandi,C"]
[Black "Hoang,Harry"]
[Result "1-0"]
[WhiteElo "2367"]
[BlackElo "1919"]

1.e4 c5 2.c3 Nf6 3.e5 Nd5 4.Nf3 Nc6 5.d4 cxd4 6.cxd4 e6 7.Bc4 Nb6 8.Bd3 d6
9.Qe2 Be7 10.Nc3 f6 11.O-O dxe5 12.dxe5 f5 13.Rd1 Qc7 14.Bf4 a6 15.Rac1 O-O
16.a4 Nd7 17.Bc4 Nc5 18.Rb1 b6 19.Na2 Nb7 20.b4 a5 21.b5 Ncd8 22.Rbc1 Nc5
23.Nd4 Qb7 24.Nc3 Bd7 25.h3 Kh8 26.Qa2 Rc8 27.Nce2 Qe4 28.f3 Qb7 29.Bg3 Bg5
30.Nf4 Rc7 31.h4 Bh6 32.Re1 Qc8 33.Rc2 Rf7 34.Nb3 Ndb7 35.Nd4 Nd8 36.Nh3 Ncb7
37.Bf4 Bxf4 38.Nxf4 Nc5 39.h5 Rf8 40.Rec1 Re8 41.Rc3 Qb7 42.Re3 Qc8 43.Rec3 Qb7
44.Re3 Qc8 45.g3 Rf8 46.Ng6+ hxg6 47.hxg6 Nf7 48.gxf7 Rxf7 49.Rec3 Re7 50.Nxf5 Nxa4
51.Nxe7  1-0

[Event "WY GU16 2012"]
[Site "Maribor SLO"]
[Date "2012.11.09"]
[Round "2.17"]
[White "Gu,T"]
[Black "Visanescu,D"]
[Result "1-0"]
[WhiteElo "1889"]
[BlackElo "2060"]

1.e4 c5 2.c3 Nf6 3.e5 Nd5 4.Nf3 Nc6 5.d4 cxd4 6.cxd4 d6 7.Be2 g6 8.O-O Bg7
9.Re1 O-O 10.Bc4 Nb6 11.Bb5 Bg4 12.Bxc6 bxc6 13.h3 Bxf3 14.Qxf3 Qc7 15.Bf4 Nd5
16.Bg3 Rab8 17.Nc3 Rxb2 18.Nxd5 cxd5 19.exd6 exd6 20.Qxd5 Qb6 21.Rad1 Bf6
22.Bxd6 Rd8 23.Bc5 Qc7 24.Qf3 Kg7 25.Qc3 Qb7 26.Qa3 a6 27.d5 Rxd5 28.Bf8+ Kg8
29.Bh6 Be7 30.Rxd5  1-0

[Event "WY GU18 2012"]
[Site "Maribor SLO"]
[Date "2012.11.10"]
[Round "3.25"]
[White "Protsyuk,Svitlana"]
[Black "Gelip,I"]
[Result "0-1"]
[WhiteElo "1754"]
[BlackElo "2016"]

1.e4 c5 2.c3 Nf6 3.e5 Nd5 4.g3 d6 5.exd6 e6 6.Bg2 Bxd6 7.Nf3 Nc6 8.O-O O-O
9.d4 h6 10.c4 Nf6 11.Nc3 a6 12.a3 Qc7 13.dxc5 Bxc5 14.b4 Rd8 15.Qb3 Nd4 16.Nxd4 Bxd4
17.Bb2 Bd7 18.Nd5 exd5 19.Bxd4 dxc4 20.Qe3 Re8 21.Qc3 Re6 22.Rfe1 Rae8 23.Rec1 b5
24.a4 Bc6 25.Bh3 Ne4 26.Qb2 Rg6 27.axb5 Ng5 28.Bg4 Nf3+ 29.Bxf3 Bxf3 30.Qc3 Qb7
31.bxa6 Qd5 32.Ra5 Qe4 33.Qe3 Qa8 34.Qc3 Rge6 35.Ra3 Bg4 36.Bxg7 Bh3 37.f3 Re3
38.Qb2 Qxf3 39.Rxe3 Qxe3+  0-1

[Event "TCh-CZE Div1 Zapad 2012-13"]
[Site "Czech Republic CZE"]
[Date "2012.11.11"]
[Round "2.4"]
[White "Bujnoch,R"]
[Black "Polasek,J"]
[Result "0-1"]
[WhiteElo "2207"]
[BlackElo "2314"]

1.e4 c5 2.c3 Nf6 3.e5 Nd5 4.Bc4 e6 5.d4 cxd4 6.Bxd5 exd5 7.Qxd4 Nc6 8.Qxd5 d6
9.exd6 Be6 10.d7+ Bxd7 11.Nf3 Qe7+ 12.Be3 O-O-O 13.Nbd2 Be6 14.Qb5 Rd5 15.Qa4 Ra5
16.Qc2 Bf5 17.Qb3 Be6 18.Qc2 Bf5 19.Qd1 Bd3 20.Nb3 Rd5 21.Nbd4 Qe4 22.Qd2 Nxd4
23.cxd4 Kb8 24.O-O-O Bb1 25.Ng5 Qg6 26.Nxf7 Bb4 27.Nxh8 Bxd2+ 28.Rxd2 Qe4
29.Re1 Rd8 30.Nf7 Rc8+ 31.Kd1 Bxa2 32.Nd6 Qg4+ 33.f3 Bb3+ 34.Ke2 Qxg2+ 35.Bf2 Rf8
36.Rd3 Bd5 37.Rg1 Qxh2 38.Ke1 Ka8 39.Nb5 Re8+ 40.Re3 Rxe3+ 41.Bxe3 Bc4 42.Nc3 Qxb2
43.Bd2 g6 44.d5 Qc2 45.Rg5 Qd3 46.Kd1 b5 47.Re5 b4 48.Re8+ Kb7 49.Re7+ Kc8
50.Ne4 Qf1+ 51.Kc2 Bd3+ 52.Kb3 Qd1+ 53.Kxb4 Bxe4 54.fxe4 Qxd2+ 55.Kc4 Qc2+
56.Kd4 Qb2+ 57.Kc4 Qa2+ 58.Kd4 Qa1+ 59.Kc4 Qa4+  0-1

[Event "TCh-ESP CECLUB Div Honor 2012"]
[Site "Leon ESP"]
[Date "2012.11.11"]
[Round "7.1"]
[White "Asis Gargatagli,H"]
[Black "Edouard,R"]
[Result "0-1"]
[WhiteElo "2474"]
[BlackElo "2688"]

1.e4 c5 2.c3 Nf6 3.e5 Nd5 4.Nf3 Nc6 5.Bc4 e6 6.d4 cxd4 7.cxd4 d6 8.O-O Be7
9.exd6 Qxd6 10.Re1 O-O 11.Nc3 Rd8 12.Bb3 Nf6 13.Nb5 Qd7 14.Bf4 Bb4 15.Re2 a6
16.Nc3 b5 17.Bg5 Be7 18.Ne5 Nxe5 19.dxe5 Qe8 20.Rd2 Rxd2 21.Qxd2 Nd7 22.Bxe7 Qxe7
23.Rd1 Qc5 24.Qf4 Qe7 25.h4 Bb7 26.h5 h6 27.Rd3 Rc8 28.Rg3 Kh8 29.Ne4 Bxe4
30.Qxe4 Rc1+ 31.Kh2 Qc5 32.Qa8+ Kh7 33.Qe4+ Kg8 34.Qa8+ Nf8 35.Re3 Qd4 36.Qf3 Qh4+  0-1

[Event "TCh-ESP CECLUB Div Honor 2012"]
[Site "Leon ESP"]
[Date "2012.11.11"]
[Round "7.4"]
[White "Jerez Perez,A"]
[Black "Kovalyov,A"]
[Result "1/2-1/2"]
[WhiteElo "2411"]
[BlackElo "2596"]

1.e4 c5 2.c3 Nf6 3.e5 Nd5 4.Nf3 d6 5.exd6 exd6 6.d4 Be7 7.Be2 O-O 8.O-O Bf5
9.Qb3 Nb6 10.d5 Na6 11.Be3 Be4 12.c4 Nb4 13.Rc1 a5 14.a3 a4 15.Qd1 Na6 16.Bd3 Bxf3
17.Qxf3 Nd7 18.Bf4 Bg5 19.Nc3 Bxf4 20.Qxf4 Ne5 21.Bf1 Nc7 22.Qf5 Nd7 23.Qc2 Nb6
24.Re1 Re8 25.Bd3 h6 26.Rxe8+ Qxe8 27.Qd2 Qd7 28.Re1 Ne8 29.Re3 Nf6 30.Qe2 Kf8
31.h3 Re8 32.Rxe8+ Nxe8 33.Qe3 Qd8 34.g3 Qf6 35.Kg2 Nc7 36.Qf3 Qe5 37.Qe4 Ne8
38.f4 Qf6 39.Kf3 Qd8 40.Qh7 Qf6 41.Qe4 Qd8 42.Qh7 Qf6 43.Ke4  1/2-1/2

[Event "WY BU18 2012"]
[Site "Maribor SLO"]
[Date "2012.11.12"]
[Round "6.38"]
[White "Sathyanandha,Sa"]
[Black "Ismailov,M"]
[Result "0-1"]
[WhiteElo "2055"]
[BlackElo "2208"]

1.e4 c5 2.c3 Nf6 3.e5 Nd5 4.d4 cxd4 5.Nf3 b6 6.Bc4 Bb7 7.O-O e6 8.Qxd4 Qc7
9.Re1 Nc6 10.Qd1 Nce7 11.Qe2 a6 12.a4 f5 13.exf6 gxf6 14.Nd4 Kd8 15.Na3 Rg8
16.f3 e5 17.Ndc2 Ng6 18.Nb4 Ngf4 19.Bxf4 Nxf4 20.Bxg8 Nxe2+ 21.Rxe2 Bxb4
22.cxb4 d5 23.Rd1 d4 24.Kh1 Qg7 25.Bb3 Rc8 26.b5 Qg5 27.Red2 Rc1 28.Rd3 Ke7
29.Nc4 axb5 30.Nxb6 bxa4 31.Bd5 Ba6 32.f4 Qxf4 33.Bf3 Qh6 34.Rxc1 Qxc1+ 35.Rd1 Qxb2
36.Nxa4 Qb5 37.Ra1 Qa5 38.h3 Bb5 39.Bd1 e4  0-1

[Event "WY BU14 2012"]
[Site "Maribor SLO"]
[Date "2012.11.12"]
[Round "6.53"]
[White "Khorsandi,A"]
[Black "Oner,Oguz"]
[Result "1-0"]
[WhiteElo "1972"]
[BlackElo "1778"]

1.e4 c5 2.c3 Nf6 3.e5 Nd5 4.d4 cxd4 5.cxd4 Nc6 6.Nc3 Nxc3 7.bxc3 d6 8.f4 dxe5
9.fxe5 Bf5 10.Nf3 e6 11.Be2 Be7 12.O-O O-O 13.Be3 Rc8 14.c4 Qa5 15.Qb3 Qc7
16.Qb2 Rfd8 17.Rad1 Be4 18.Ng5 Bg6 19.h4 h6 20.Nf3 Be4 21.g3 Rd7 22.Kh2 Rcd8
23.Ng1 Qa5 24.Bh5 g6 25.Be2 h5 26.g4 hxg4 27.Bxg4 Bxh4 28.d5 Nb4 29.Bd2 Qxa2
30.Qxb4 a5 31.Qc3 Bxd5 32.cxd5 Rxd5 33.Nf3 Be7 34.Rf2 Bb4  1-0

[Event "3rd Mendeleev GM"]
[Site "Tyumen RUS"]
[Date "2012.11.12"]
[Round "8"]
[White "Yuzhakov,O"]
[Black "Tarlev,K"]
[Result "1/2-1/2"]
[WhiteElo "2353"]
[BlackElo "2544"]

1.e4 c5 2.c3 Nf6 3.e5 Nd5 4.d4 cxd4 5.Nf3 Nc6 6.cxd4 g6 7.Nc3 Nxc3 8.bxc3 Bg7
9.Bf4 O-O 10.d5 Na5 11.Be2 d6 12.O-O Bg4 13.Qd4 b6 14.Ba6 Bxf3 15.gxf3 Qc7
16.Rfe1 Rfd8 17.Bg3 dxe5 18.Bxe5 Bxe5 19.Qxe5 Rd7 20.Qxc7 Rxc7 21.c4 Rd8
22.Re3 Rdd7 23.Bb5 Nxc4 24.d6 Nxd6 25.Bxd7 Rxd7 26.Rc1 Nf5 27.Rec3 Rd5 28.Ra3 Rd7
29.Rac3 Rd2 30.Ra3 Rd7 31.Rac3  1/2-1/2

[Event "VIII Governor's Cup"]
[Site "Khanty-Mansiysk RUS"]
[Date "2012.11.15"]
[Round "1.15"]
[White "Yuzhakov,O"]
[Black "Frolyanov,D"]
[Result "0-1"]
[WhiteElo "2353"]
[BlackElo "2556"]

1.e4 c5 2.c3 Nf6 3.e5 Nd5 4.d4 cxd4 5.Nf3 e6 6.cxd4 d6 7.Bc4 Be7 8.O-O Nc6
9.Bd2 O-O 10.Nc3 Nb6 11.Bb5 Bd7 12.Qe2 Nb4 13.Ne4 Bxb5 14.Qxb5 Nc6 15.Rac1 Rc8
16.exd6 Bxd6 17.a4 Be7 18.a5 Qd5 19.Qxd5 Nxd5 20.Rc4 Rfd8 21.Rfc1 a6 22.Nc5 Bxc5
23.Rxc5 f6 24.Kf1 Nc7 25.g4 Nb5 26.g5 Rd5 27.Rxd5 exd5 28.gxf6 gxf6 29.Ra1 Kf7
30.Ra4 Ne7 31.Ke2 Rc2 32.Kd1 Rxb2 33.Ne1 Rb3 34.Ng2 Rd3 35.Ke2 Rxd4 36.Rxd4 Nxd4+
37.Kd3 Nf3 38.Bf4 Nc6 39.Bc7 Nfe5+ 40.Kc3 d4+ 41.Kb3 Nd3 42.f3 Nde5 43.f4 Nf3
44.h3 Ke6 45.Kc4 Nd2+ 46.Kd3 Nb3 47.Ne1  0-1

[Event "WY BU16 2012"]
[Site "Maribor SLO"]
[Date "2012.11.15"]
[Round "8.6"]
[White "Bortnik,A"]
[Black "Carow,J"]
[Result "1-0"]
[WhiteElo "2368"]
[BlackElo "2259"]

1.e4 c5 2.c3 Nf6 3.e5 Nd5 4.d4 cxd4 5.Nf3 e6 6.cxd4 b6 7.Bc4 Bb7 8.O-O Na6
9.Ng5 Be7 10.Qh5 g6 11.Qh6 Bf8 12.Qh3 Be7 13.Nxh7 Bh4 14.Ng5 Rh5 15.Ne4 Be7
16.Qd3 Rc8 17.Nbc3 Nxc3 18.Nxc3 Nb4 19.Qe2 Nc2 20.Qxc2 Rxc4 21.Qd3 Qc8 22.Be3 Qc6
23.f3 d6 24.exd6 Bxd6 25.h3 Qc8 26.Ne4 Be7 27.b3 Rc6 28.Rac1 Ra5 29.Rxc6 Bxc6
30.Rc1 Qb7 31.a4 f5 32.Nd2 b5 33.Qc3 Ra6 34.d5 Bxd5 35.Qh8+ Kd7 36.axb5 Ra3
37.Bf4 Ra2 38.Qe5 Qb6+ 39.Kh1 Qd6 40.Qh8 Ra1 41.Qc8+  1-0

[Event "WY BU14 2012"]
[Site "Maribor SLO"]
[Date "2012.11.15"]
[Round "8.60"]
[White "Brcar,Matej"]
[Black "Martins,Gu"]
[Result "0-1"]
[WhiteElo "1704"]
[BlackElo "1814"]

1.e4 c5 2.c3 Nf6 3.e5 Nd5 4.d4 cxd4 5.Nf3 e6 6.cxd4 d6 7.Bc4 Nc6 8.O-O Nb6
9.Bb5 Bd7 10.Qe2 Be7 11.Re1 O-O 12.Nc3 dxe5 13.dxe5 Nb4 14.Bxd7 Qxd7 15.a3 N4d5
16.Nxd5 Nxd5 17.Bg5 Rac8 18.Bxe7 Qxe7 19.Rac1 Rc7 20.Rc4 Nb6 21.Rh4 Rfc8
22.Qe4 g6 23.Qf4 Rc4 24.Nd4 Qf8 25.Qf3 Rc1 26.Qe3 Rxe1+ 27.Qxe1 Qc5 28.Re4 Nc4
29.b4 Qd5 30.f3 Nxa3 31.Qa1 Nc2 32.Qxa7 Nxb4 33.Qa3 Nc2 34.Qd6 Qxd6 35.exd6 Nxd4
36.Rxd4 Rd8 37.Rb4 Rd7 38.Rb6 e5 39.Kf2 f6 40.Ke3 Kf7 41.f4 exf4+ 42.Kxf4 Ke6
43.Ke4 f5+ 44.Kf4 h6 45.h4 Kd5 46.h5 gxh5 47.Kxf5 Kc5 48.Rb1 b5 49.Rc1+ Kxd6
50.Kg6 Re7 51.Kxh5 Re6 52.g4 Kd5 53.Rc8 b4 54.Rh8 b3 55.Rc8 Kd4 56.Rd8+ Kc3
57.Rc8+ Kb2 58.Rb8 Rc6  0-1

[Event "WY BU14 2012"]
[Site "Maribor SLO"]
[Date "2012.11.15"]
[Round "8.18"]
[White "Sheykhhasani,B"]
[Black "Williams,Justus D"]
[Result "0-1"]
[WhiteElo "2027"]
[BlackElo "2230"]

1.e4 c5 2.c3 Nf6 3.e5 Nd5 4.d4 cxd4 5.Nf3 e6 6.cxd4 b6 7.Nc3 Bb7 8.Bd3 Na6
9.Nxd5 Bxd5 10.O-O Nb4 11.Bb1 Rc8 12.a3 Nc6 13.Ng5 d6 14.f4 Bc4 15.Bd3 Bxd3
16.Qxd3 h6 17.Nf3 dxe5 18.fxe5 Qd5 19.Be3 Be7 20.Rae1 O-O 21.Bd2 Rfd8 22.Re4 f5
23.exf6 Bxf6 24.Kh1 Nxd4 25.Nxd4 Bxd4 26.Rg4 Bxb2 27.Qxd5 Rxd5 28.Bxh6 Rh5
29.Be3 Bxa3 30.Bg5 Bb2 31.h4 Rf8 32.Rd1 Bf6 33.Kg1 Bxg5 34.hxg5 g6 35.Rd6 Re8
36.Kf2 Rh7 37.Ke3 Rf7 38.Ra4 Ree7 39.g4 Rd7 40.Rc6 Rc7 41.Rd6 Rfd7 42.Rxe6 Re7
43.Rxe7 Rxe7+ 44.Kd4 Rc7 45.Ke5 a5 46.Rd4 Kg7 47.Rd6 Rc5+ 48.Ke6 Rxg5 49.Rxb6 Rxg4
50.Rb7+ Kh6 51.Kf6 Rf4+ 52.Ke5 g5 53.Rb8 Rf1 54.Ra8 Kg6 55.Ra6+ Kh5 56.Rxa5 g4
57.Ke4+ Kh4 58.Ra8 Kh3 59.Ke3 g3 60.Rh8+ Kg2  0-1

[Event "11th Kheireddine Ameyar Mem 2012"]
[Site "Algiers ALG"]
[Date "2012.11.16"]
[Round "1.2"]
[White "Khelfallah,B"]
[Black "Miladinovic,I"]
[Result "0-1"]
[WhiteElo "2120"]
[BlackElo "2567"]

1.e4 c5 2.c3 Nf6 3.e5 Nd5 4.d4 cxd4 5.Nf3 Nc6 6.cxd4 d6 7.Bc4 e6 8.O-O Be7
9.Qe2 a6 10.a3 b5 11.Bb3 Bb7 12.Bxd5 exd5 13.e6 fxe6 14.Qxe6 Qd7 15.Qxd7+ Kxd7
16.Nc3 Na5 17.Bg5 Bxg5 18.Nxg5 Nc4 19.b4 Rac8 20.Nf3 Rhf8 21.Rfc1 Nb2 22.Ne2 Bc6
23.Rc3 Rce8 24.Kf1 Nc4 25.Nc1 g5 26.h3 h5 27.Nb3 Rf5 28.Kg1 Re2 29.Nc1 Re4
30.Nb3 Kd8 31.Na5 Bd7 32.Nxc4 dxc4 33.Re3 Ref4 34.Ra2 g4 35.Nh4 Rd5 36.hxg4 hxg4
37.Rae2 Rfxd4 38.Re7 Re5 39.R7xe5 dxe5 40.Ng6 c3 41.Nxe5 Rd1+ 42.Kh2 Bf5  0-1

[Event "WY GU18 2012"]
[Site "Maribor SLO"]
[Date "2012.11.16"]
[Round "9.16"]
[White "Krumova,A"]
[Black "Bala Kannamma,P"]
[Result "1/2-1/2"]
[WhiteElo "2050"]
[BlackElo "1973"]

1.e4 c5 2.c3 Nf6 3.e5 Nd5 4.d4 cxd4 5.Nf3 e6 6.cxd4 b6 7.Nc3 Nxc3 8.bxc3 Bb7
9.g3 Qc7 10.Bb2 d6 11.exd6 Bxd6 12.Bg2 O-O 13.O-O Nd7 14.Qd3 h6 15.Rfe1 Rac8
16.Nd2 Bxg2 17.Kxg2 Rfe8 18.f4 b5 19.Rac1 Qc6+ 20.Qf3 Qxf3+ 21.Kxf3 Nb6 22.Ke2 a5
23.Rb1 Nc4 24.Bc1 b4 25.Kd3 Na3 26.Rb3 a4 27.Rxa3 bxa3 28.Nc4 Bf8 29.Nxa3 Rc6
30.Re2 Rd8 31.Nb5 Rb8 32.Rb2 Rcb6 33.c4 Ba3 34.Rc2 Bxc1 35.Rxc1 Kf8 36.Kc3 Ke7
37.Kb4 Ra6 38.Re1 Kd7 39.Re3 f5 40.Re5 g6 41.Ka3 Rc8 42.Kb4 g5 43.d5 gxf4
44.gxf4 exd5 45.Rxd5+ Ke6 46.Nd4+ Kf6 47.Rxf5+ Kg6 48.Rd5 Rb8+ 49.Rb5  1/2-1/2

[Event "11th Kheireddine Ameyar Mem 2012"]
[Site "Algiers ALG"]
[Date "2012.11.17"]
[Round "3.10"]
[White "Bouhaddad,A"]
[Black "Meftahi,Houssem"]
[Result "1/2-1/2"]
[WhiteElo "2156"]
[BlackElo "2002"]

1.e4 c5 2.c3 Nf6 3.e5 Nd5 4.Nf3 Nc6 5.Bc4 Nb6 6.Bb3 c4 7.Bc2 Qc7 8.Qe2 g6
9.Na3 Bg7 10.Nxc4 Nxc4 11.Qxc4 Bxe5 12.Nxe5 Qxe5+ 13.Qe4 d5 14.Qxe5 Nxe5
15.d4 Nc4  1/2-1/2

[Event "22nd World Seniors Women"]
[Site "Kamena Vourla GRE"]
[Date "2012.11.17"]
[Round "5.10"]
[White "Hoose,H"]
[Black "Tsygankova,Enni"]
[Result "1/2-1/2"]
[WhiteElo "1750"]
[BlackElo "1843"]

1.e4 c5 2.c3 Nf6 3.d3 d6 4.Be2 g6 5.Nf3 Bg7 6.O-O O-O 7.Nbd2 Nc6 8.Nc4 b5
9.Ne3 a6 10.Re1 Bb7 11.Bf1 Rc8 12.Nc2 Qc7 13.h3 Nd7 14.Ne3 Nce5 15.Be2 Nxf3+
16.Bxf3 Nf6 17.Ng4 Nd7 18.a3 a5 19.Bh6 Bxh6 20.Nxh6+ Kg7 21.Ng4 h5 22.Ne3 Nf6
23.Qe2 e6 24.Nf1 Nd7 25.Nh2 Ne5 26.Rad1 Nxf3+ 27.Nxf3 Qe7 28.d4 c4 29.Qe3 Qd8
30.Nh2 a4 31.e5 d5 32.Nf3 Qe7 33.Qg5 Rce8 34.Qxe7 Rxe7  1/2-1/2

[Event "WY GU16 2012"]
[Site "Maribor SLO"]
[Date "2012.11.17"]
[Round "10.26"]
[White "Ozturk,H"]
[Black "Aseeva,A"]
[Result "1-0"]
[WhiteElo "1818"]
[BlackElo "2023"]

1.e4 c5 2.c3 Nf6 3.e5 Nd5 4.d4 cxd4 5.Nf3 Nc6 6.Bc4 Nc7 7.cxd4 d5 8.exd6 exd6
9.d5 Ne5 10.Be2 Be7 11.O-O O-O 12.Nc3 Nxf3+ 13.Bxf3 Na6 14.Bf4 Nc5 15.Re1 Bf5
16.Be2 a6 17.Qd2 Re8 18.b4 Nd7 19.Bd3 Bxd3 20.Qxd3 Rc8 21.Ne4 Nf6 22.Ng3 Qb6
23.a3 Bf8 24.Nf5 Kh8 25.Be3 Qc7 26.Bd4 Rxe1+ 27.Rxe1 Ne8 28.h3 f6 29.Qe3 Qd7
30.Qf4 Nc7 31.Qf3 Qf7 32.Rc1 Re8 33.Ne3 Nb5 34.Bb2 Be7 35.Nf5 Bf8 36.Ne3 Kg8
37.a4 Nc7 38.Qf5 Rd8 39.Bd4 Ne8 40.Bb6 Ra8 41.Qc2 Qd7 42.Nf5 g6 43.Nd4 Bh6
44.Re1 Rc8 45.Qb3 Bd2 46.Rd1 Bh6 47.Ne6 Ng7 48.Re1 Ne8 49.f4 Bf8 50.Bd4 b5
51.a5 Rc4 52.Qb2 Be7 53.Rf1 Qb7 54.Be3 Qxd5 55.f5 gxf5 56.Nf4 Qc6 57.Rf3 d5
58.Qd2 d4 59.Bxd4 Bxb4 60.Qb2 Bc5 61.Ne2 Bxd4+ 62.Nxd4 Qc5 63.Rf4 Ng7 64.Qf2 Qe5
65.Qd2 Nh5 66.Rh4 Qc5 67.Qe3 Ng7 68.Qf2 Rc1+ 69.Kh2 Qe5+ 70.g3 Qe1 71.Qg2 Qe5
72.Qa8+ Ne8 73.Qb7 Rd1 74.Qxh7+ Kf8 75.Qh8+ Ke7 76.Nc6+ Kd6 77.Nxe5 fxe5
78.Qxe8  1-0